000 00970nam a2200301 i 4500
003 EG-GICUC
005 20260211150506.0
008 260211r1919 -usao |fr|||| 000 0 eng d
040 _aEG-GiCUC
_beng
_cEG-GiCUC
_dEG-GiCUC
_erda
041 1 _aeng
_hger
082 0 4 _221
_a341.23
_bLE
092 0 4 _221
099 _aLaw1 11 341.23 LE 1919
245 1 0 _aThe League Of Nations :
_bThe Principle And The Practice /
_cEdited By Stephen Pierce Duggan.
264 3 _aBoston
_bThe Atlantic Monthly Press,
_c1919.
300 _a357 pages :
_billustrations,
_c22 cm
336 _2rda content
_atext
337 _2rda media
_aComputer
338 _2rda carrier
_aOnline Resource
504 _aBibliography: pages 200-250.
546 _aText in English
650 1 4 _aPublic international law
_2
651 1 _2
700 1 _aDuggan, Stephen Pierce
_eeditor.
856 4 0 _uhttps://fll.law.cu.edu.eg/fulltext/bks/B11-05011.pdf
905 _a48
942 _2ddc
_cBK
_e21
_n0
999 _c62630
_d62630